[Event "Warren Decemb op"]
[Site "Warren"]
[Date "2003.12.13"]
[Round "4"]
[White "Fox, Darren"]
[Black "Radovnikovich, Micho"]
[Result "0-1"]
[WhiteElo "387"]
[BlackElo "919"]
[PlyCount "62"]
[EventDate "2003.12.13"]
[EventType "swiss (rapid)"]
[EventRounds "6"]
[EventCountry "USA"]
[SourceTitle "EXT 2008"]
[Source "ChessBase"]
[SourceDate "2007.11.25"]
[SourceVersion "1"]
[SourceVersionDate "2007.11.25"]
[SourceQuality "1"]

1. e4 c5 2. Nf3 d6 3. d3 Nc6 4. Nc3 Bg4 5. Bg5 h6 6. h4 hxg5 7. Nxg5 Bxd1 8. Nxd1 e5 9. Nc3 Be7 10. Nf3 Qb6 11. Rb1 0-0-0 12. Nd5 Qa5+ 13. b4 Qxa2 14. Nc3 Qxc2 15. Rd1 Qxc3+ 16. Nd2 Nd4 17. Be2 Rxh4 18. Rxh4 Bxh4 19. Kf1 Ne7 20. g3 Bg5 21. Kg2 Nxe2 22. Rh1 Nxg3 23. Kxg3 Qxd3+ 24. Nf3 f5 25. Kg2 Qxe4 26. Rh5 Qg4+ 27. Kf1 Qxh5 28. Ne1 Nd5 29. f3 Qh2 30. bxc5 Be3 31. cxd6 Qf2# 0-1